The Door In The Sky (Record no. 579684)

MARC details
000 -LEADER
fixed length control field 01682nam a22002057a 4500
008 - FIXED-LENGTH DATA ELEMENTS--GENERAL INFORMATION
fixed length control field 250809b |||||||| |||| 00| 0 eng d
020 ## - INTERNATIONAL STANDARD BOOK NUMBER
ISBN 9780691017471
Paper back/Hardbound pbk
041 ## - LANGUAGE CODE
Language code of text/sound track or separate title eng
082 ## - DEWEY DECIMAL CLASSIFICATION NUMBER
Classification number 700
Item number COO
100 ## - MAIN ENTRY--AUTHOR NAME
Personal name Coomaraswamy, Ananda K.
245 ## - TITLE STATEMENT
Title The Door In The Sky
Sub Title : coomaraswamy on myth and meaning
Statement of responsibility, etc / selected and with a preface by Rama P. Coomaraswamy.
260 ## - PUBLICATION, DISTRIBUTION, ETC. (IMPRINT)
Place of publication Princeton, N.j.,
Name of publisher Princeton University Press
Year of publication 1997
300 ## - PHYSICAL DESCRIPTION
Number of Pages xxxviii, 253 p.
Other physical details : ill.,
Dimensions ; 24 cm.
504 ## - BIBLIOGRAPHY, ETC. NOTE
Bibliography, etc Includes bibliographies and index
520 ## - SUMMARY, ETC.
Summary, etc Ananda K. Coomaraswamy (1877-1947) was a pioneer in Indian art history and in the cultural confrontation of East and West. A scholar in the tradition of the great Indian grammarians and philosophers, an art historian convinced that the ultimate value of art transcends history, and a social thinker influenced by William Morris, Coomaraswamy was a unique figure whose works provide virtually a complete education in themselves. Finding a universal tradition in past cultures ranging from the Hellenic and Christian to the Indian, Islamic, and Chinese, he collated his ideas and symbols of ancient wisdom into the sometimes complex, always rewarding pattern of essays. The Door in the Sky is a collection of the author's writings on myth drawn from his Metaphysics and Traditional Art and Symbolism, both originally published in Bollingen Series. These essays were written while Coomaraswamy was curator in the department of Asiatic Art of the Boston Museum of Fine Arts, where he built the first large collection of Indian art in the United States.<br/>
650 ## - SUBJECT ADDED ENTRY--TOPICAL TERM
Topical Term Art
700 ## - ADDED ENTRY--PERSONAL NAME
Personal name Coomaraswamy, Rama P.
942 ## - ADDED ENTRY ELEMENTS (KOHA)
Koha item type Reference
Holdings
Withdrawn status Lost status Damaged status Not for loan Home library Current library Shelving location Date acquired Full call number Accession Number Price effective from Koha item type
        Anna Centenary Library Anna Centenary Library 6TH FLOOR, B WING 21.08.2010 700 COO 166047 09.08.2025 Reference

Find us on the map